000 00530nam a2200181 4500
005 20250925161335.0
008 250925b |||||||| |||| 00| 0 eng d
040 _aMAIN
082 _a621.381
_bK642S
100 _aKirti
245 _aSecure channel establishment scheme for the isolation of misdirection attack in the IOT
260 _bDepartment of UIET, M D University, Rohtak
_c2025
300 _axiii, 195
650 _aElectronics Engineering
700 _aSangwan, Anil
700 _aShailender Kumar
942 _cTH
999 _c393546
_d393546